00610nam a2200193Ia 4500008004100000020001800041082001400059100003100073245001900104250000700123260003800130300002300168500001900191600003300210650001600243942000700259952013300266999001700399240925s9999 xx 000 0 und d a9788174731043 a512.8 HAL aHall, H. S.; Knight, S. R. 0aHigher Algebra aNA aNew York:bPergamon Pressc,2018. a305p.b0fOriginal aIncludes Index aHumanities & Natural Science aMathematics cBK 001040708HUMaUITUbUITUd2019-02-03eAllied Book Companyg1295.00l0o512.8 HALpQ14499r2024-09-25 07:17:19w2024-09-25yBK c16998d16998